|
|
|
|
| LEADER |
01539nam a22003494a 4500 |
| 001 |
28819 |
| 003 |
BD-DhAAL |
| 005 |
20230525133229.0 |
| 008 |
150110s2002 enka 000 1 eng |
| 010 |
|
|
|a 2002068068
|
| 020 |
|
|
|a 0415285976 (alk. paper)
|
| 020 |
|
|
|a 0415285984 (pbk. : alk. paper)
|
| 040 |
|
|
|a DLC
|c DLC
|d DLC
|d BD-DhAAL
|
| 041 |
1 |
|
|a eng
|
| 042 |
|
|
|a lcac
|
| 050 |
0 |
0 |
|a PT8116.E5
|b D85 2002
|
| 082 |
0 |
0 |
|a 839.8/136
|2 21
|
| 100 |
1 |
|
|a Andersen, H. C.
|q (Hans Christian),
|d 1805-1875
|9 7298
|
| 240 |
0 |
0 |
|a Tales.
|l English.
|
| 245 |
1 |
0 |
|a Stories and tales /
|c Hans Christian Andersen ; translated by H.W. Dulcken ; illustrated by A.W. Bayes and engraved by the Brothers Dalziel.
|
| 260 |
|
|
|a London ;
|a New York :
|b Routledge,
|c 2002.
|
| 300 |
|
|
|a x, 404 pages :
|b illustrations ;
|c 21 cm.
|
| 541 |
|
|
|e 28819
|
| 600 |
1 |
0 |
|a Andersen, H. C.
|q (Hans Christian),
|d 1805-1875
|v Translations into English.
|9 7299
|
| 650 |
|
0 |
|a Fairy tales
|z Denmark.
|9 7300
|
| 650 |
|
0 |
|a Children's stories, Danish
|v Translations into English.
|9 7301
|
| 650 |
|
1 |
|a Fairy tales.
|9 7302
|
| 700 |
1 |
|
|a Dulcken, H. W.
|q (Henry William),
|d 1832-1894.
|9 7303
|
| 856 |
4 |
2 |
|3 Publisher description
|u http://www.loc.gov/catdir/enhancements/fy0650/2002068068-d.html
|
| 942 |
|
|
|2 ddc
|c BK
|
| 999 |
|
|
|c 33444
|d 33444
|
| 952 |
|
|
|0 0
|1 0
|2 ddc
|4 0
|6 839_813600000000000_AND
|7 0
|9 44703
|a BRACUL
|b BRACUL
|c GEN
|d 2015-01-10
|e BRAC Institute of Language (BIL)
|l 5
|m 11
|o 839.8136 AND
|p 3010028819
|q 2026-06-02
|r 2026-05-20
|s 2026-05-20
|t 1
|w 2015-01-10
|y BK
|x Transferred from BIL to BRACUL on 06/06/22
|